Analýza využití marketingových nástrojů podniky v ČR

Výsledky výskumu v podnikoch a organizáciách z rôznych hospodárskych oblastí v ČR. Význam marketingu a marketingových nástrojov v podnikoch a organizáciách.

Gespeichert in:
Bibliographische Detailangaben
1. Verfasser: Suchánek, Petr
Format: Buchkapitel
Sprache:Tschechisch
Schlagworte:
Tags: Tag hinzufügen
Keine Tags, Fügen Sie das erste Tag hinzu!

MARC

LEADER 00000naa$a2200000$$$4500
001 0014857
005 20220321103638.5
041 0 |a cze 
044 |a SK 
245 1 0 |a Analýza využití marketingových nástrojů podniky v ČR  |c Petr Suchánek 
520 |a Výsledky výskumu v podnikoch a organizáciách z rôznych hospodárskych oblastí v ČR. Význam marketingu a marketingových nástrojov v podnikoch a organizáciách. 
610 2 0 |a nástroje marketingové 
610 2 0 |a marketing 
610 2 0 |a podnik 
610 2 0 |a Česko 
100 1 |a Suchánek, Petr